The catalog input/output system /

Spremljeno u:
Bibliografski detalji
Glavni autor: Kay, Martin
Daljnji autori: Valadez, Frederick, Ziehe, Theodore W.
Format: Knjiga
Jezik:English
Izdano: Santa Monica, Calif. : Rand Corp. , 1966.
Serija:Research memorandum (Rand Corporation) ; RM-4540-PR.
Teme:
LEADER 01133nam a2200265 i 4500
001 c000257853
003 CARM
005 00000000000000.0
008 850717s1966 cau 0 eng d
019 1 |a 9696744  |z 28541721  |5 LACONCORD2021 
035 |a (OCoLC)351482  |5 LACONCORD2021 
082 0 4 |a 029.7 
100 1 |a Kay, Martin. 
245 1 4 |a The catalog input/output system /  |c Martin Kay, Frederick Valadez, and Theodore Ziehe. 
260 |a Santa Monica, Calif. :  |b Rand Corp. ,  |c 1966. 
300 |a 64 p. :  |b ill. 
490 1 |a Rand Corporation. Research memorandum ;  |v RM-4540-PR 
500 |a "Research is sponsored by the United States Air Force under Project Rand - Contract no. AF 49(638)-1700.". 
650 0 |a Information storage and retrieval systems. 
700 1 |a Valadez, Frederick. 
700 1 |a Ziehe, Theodore W. 
830 0 |a Research memorandum (Rand Corporation) ;  |v RM-4540-PR. 
852 8 |b CARM  |h A2:AG07H0  |i F01202  |p 0329140  |f BK 
999 f f |i 83575f53-5dbe-5551-8621-a6df01ba932a  |s 74a25376-5c4a-560e-b628-9882f28b959a 
952 f f |p Can circulate  |a CAVAL  |b CAVAL  |c CAVAL  |d CARM 1 Store  |e F01202  |f A2:AG07H0  |h Other scheme  |i book  |m 0329140